000 00315nam a22001337a 4500
008 180911b xxu||||| |||| 00| 0 eng d
020 _a180782765200199500000000
041 _aeng
080 _a612.39
100 _a10
101 _aNUT
245 _aThe New Optimum Nutrition Bible
_cHolford, P
942 _2udc
_cBK
999 _c47685
_d47685